Transgénicos : | Ciencia, agricultura y controversias en la Argentina. (Registro nro. 265)
[ vista simple ]
| 000 -CABECERA | |
|---|---|
| fixed length control field | 00467nam a22001457a 4500 |
| 001 - NUMERO DE CONTROL | |
| control field | 9789875582651 |
| 003 - CONTROL NUMBER IDENTIFIER | |
| control field | AR-BeUNQ |
| 005 - FECHA Y HORA DE LA ULTIMA TRANSACCION | |
| control field | 20240425145523.0 |
| 100 ## - ASIENTO PRINCIPAL-NOMBRE PERSONAL | |
| Nombre personal | Pellegrini, Ariel Pablo |
| 245 ## - MENCION DE TITULO | |
| Título | Transgénicos : |
| Otra información sobre el título | Ciencia, agricultura y controversias en la Argentina. |
| Mención de responsabilidad, etc | Ariel Pablo Pellegrini. |
| Medio físico | libros |
| 250 #3 - MENCION DE EDICION | |
| Mención de edición | 1a.ed. |
| 260 ## - PUBLICACION, DISTRIBUCION, ETC. | |
| Lugar de publicación, distribución, etc. | Bernal : |
| Nombre del editor, distribuidor, etc. | Universidad Nacional de Quilmes, |
| Fecha de publicación, distribución, etc | 2014 |
| 942 ## - ELEMENTOS DE PUNTO DE ACCESO ADICIONAL (KOHA) | |
| Tipo de ítem Koha | Libros |
| Estado de retiro | Estado de pérdida | No para préstamo | Ubicación permanente | Ubicación actual | Ubicación en estantería | Fecha de ingreso | Signatura topográfica completa | Inventario | Date last seen | Tipo de ítem Koha | Operador |
|---|---|---|---|---|---|---|---|---|---|---|---|
| Biblioteca ESET - UNQ | Biblioteca ESET - UNQ | SALA | 13/06/2022 | 577 / PEL | 59514 | 21/06/2022 | Libros | Gladys Alarcon | |||
| Biblioteca ESET - UNQ | Biblioteca ESET - UNQ | CIRCULACION | 13/06/2022 | 577 / PEL | 59515 | 21/06/2022 | Libros | Gladys Alarcon |